000 00672nam a2200217Ia 4500
003 OSt
005 20220926004251.0
006 a|||||r|||| 00| 0
007 ta
008 220923b |||||||| |||| 00| 0 eng d
037 _cGeneral Book
040 _aRTL
_cRTL
_beng
041 _2eng
_aeng
082 _aV2,4M85:3(Q7).N47<--N28, L9
245 0 _aIndian national congress and the Muslims 1928-1947
260 _a New Delhi
_bRajesh Publications India
_c1980
300 _a288p
_ccm.
500 _aBibliography: P 274-83; Appendix243-58; Index:P.284-88
942 _hV2,4M85:3(Q7).N47<--N28, L9
_cGB
_2CC
999 _c610467
_d610467